Nursing Reasearch & Statistics (Record no. 1216365)

MARC details
000 -LEADER
fixed length control field 00368nam a2200145Ia 4500
008 - FIXED-LENGTH DATA ELEMENTS--GENERAL INFORMATION
fixed length control field 260223s2024 xx 000 0 und d
020 ## - INTERNATIONAL STANDARD BOOK NUMBER
International Standard Book Number 9789388178617
041 ## - LANGUAGE CODE
Language code of text/sound track or separate title eng
082 ## - DEWEY DECIMAL CLASSIFICATION NUMBER
Classification number 610.73072/SHI
100 ## - MAIN ENTRY--PERSONAL NAME
Personal name Shivbalan.T
245 ## - TITLE STATEMENT
Title Nursing Reasearch & Statistics
Remainder of title Statistics
260 ## - PUBLICATION, DISTRIBUTION, ETC.
Place of publication, distribution, etc. New Delhi
Name of publisher, distributor, etc. CBS,Pub.
Date of publication, distribution, etc. 2024
300 ## - PHYSICAL DESCRIPTION
Extent 272P
650 ## - SUBJECT ADDED ENTRY--TOPICAL TERM
Topical term or geographic name entry element Obstetric
Holdings
Withdrawn status Lost status Damaged status Not for loan Home library Current library Date acquired Cost, normal purchase price Total Checkouts Full call number Barcode Date last seen Price effective from Koha item type
        College of Nursing, Navi Mumbai College of Nursing, Navi Mumbai 22/01/2026 550.00   610.73072/SHI NCM-N-4452 23/02/2026 23/02/2026 Book